000 00303nam a2200133Ia 4500
005 20251222141800.0
008 251222s9999||||xx |||||||||||||| ||spa||
082 _a980/B17
100 _aBalzan, Luigi
245 2 _aA Carretón y Canoa:
250 _a1ra.ed.
264 _bEditorial Plural
942 _cLIB
999 _c6123
_d6123